Malayala roopimangalude parinamam: (Record no. 181878)

000 -LEADER
fixed length control field 00527nam a22001697a 4500
020 ## - INTERNATIONAL STANDARD BOOK NUMBER
ISBN 978-93-6100-375-2
082 ## - DEWEY DECIMAL CLASSIFICATION NUMBER
Classification number 494.812 59
Item number RAM/M
100 ## - MAIN ENTRY--AUTHOR NAME
Personal name Ramaswamy Iyer L V
245 ## - TITLE STATEMENT
Title Malayala roopimangalude parinamam:
Sub Title the evolution of malayalam morphology/
Statement of responsibility, etc by Ramaswamy Iyer L V
260 ## - PUBLICATION, DISTRIBUTION, ETC. (IMPRINT)
Place of publication Thiruvananthapuram:
Name of publisher The State Institute of Languages,
Year of publication 2025.
300 ## - PHYSICAL DESCRIPTION
Number of Pages 365p.
650 ## - SUBJECT ADDED ENTRY--TOPICAL TERM
Topical Term Morphology - Malayalam
650 ## - SUBJECT ADDED ENTRY--TOPICAL TERM
Topical Term Malayalam Grammar
650 ## - SUBJECT ADDED ENTRY--TOPICAL TERM
Topical Term Language Malayalam
650 ## - SUBJECT ADDED ENTRY--TOPICAL TERM
Topical Term Language
942 ## - ADDED ENTRY ELEMENTS (KOHA)
Koha item type Book
Holdings
Withdrawn status Lost status Damaged status Not for loan Permanent Location Current Location Shelving location Date acquired Cost, normal purchase price Full call number Accession Number Price effective from Koha item type
        Sree Sankaracharya University of Sanskrit Sree Sankaracharya University of Sanskrit Stacks 30.05.2026 360.00 494.812 59 RAM/M 108953 30.05.2026 Book